Pocketbook of orthopaedics and fractures / (Record no. 10136)
[ view plain ]
| 000 -LEADER | |
|---|---|
| fixed length control field | 02057cam a22003254a 4500 |
| 001 - CONTROL NUMBER | |
| control field | 12297426 |
| 003 - CONTROL NUMBER IDENTIFIER | |
| control field | OSt |
| 005 - DATE AND TIME OF LATEST TRANSACTION | |
| control field | 20231019121227.0 |
| 008 - FIXED-LENGTH DATA ELEMENTS--GENERAL INFORMATION | |
| fixed length control field | 010202s1999 stka f 001 0 eng |
| 010 ## - LIBRARY OF CONGRESS CONTROL NUMBER | |
| LC control number | 2001266957 |
| 020 ## - INTERNATIONAL STANDARD BOOK NUMBER | |
| International Standard Book Number | 0443102732 |
| 020 ## - INTERNATIONAL STANDARD BOOK NUMBER | |
| International Standard Book Number | 9780443102738 |
| 040 ## - CATALOGING SOURCE | |
| Original cataloging agency | WIUC - GH |
| Transcribing agency | WIUC - GH |
| Modifying agency | DLC |
| 042 ## - AUTHENTICATION CODE | |
| Authentication code | pcc |
| 050 00 - LIBRARY OF CONGRESS CALL NUMBER | |
| Classification number | RD732.5 |
| Item number | .M375 |
| 082 00 - DEWEY DECIMAL CLASSIFICATION NUMBER | |
| Classification number | 617.1/5 |
| Edition number | 21 |
| 100 1# - MAIN ENTRY--PERSONAL NAME | |
| Personal name | McRae, Ronald. |
| 9 (RLIN) | 2593 |
| 245 10 - TITLE STATEMENT | |
| Title | Pocketbook of orthopaedics and fractures / |
| Statement of responsibility, etc. | Ronald McRae. |
| 246 30 - VARYING FORM OF TITLE | |
| Title proper/short title | Orthopaedics and fractures |
| 250 ## - EDITION STATEMENT | |
| Edition statement | 2nd ed |
| 260 ## - PUBLICATION, DISTRIBUTION, ETC. | |
| Place of publication, distribution, etc. | Edinburgh ; |
| -- | New York : |
| Name of publisher, distributor, etc. | Churchill Livingstone, |
| Date of publication, distribution, etc. | 2006 |
| 300 ## - PHYSICAL DESCRIPTION | |
| Extent | viii, 552 p. : |
| Other physical details | ill., index ; |
| Dimensions | 19 cm. |
| 500 ## - GENERAL NOTE | |
| General note | Includes index. |
| 505 ## - FORMATTED CONTENTS NOTE | |
| Formatted contents note | Contents: 1. Orthopaedic examination: General principles -- Segmental and peripheral nerves -- The cervical spine -- the shoulder -- the elbow -- the wrist -- The hand -- The thoracic and lumbar spine -- The hip -- The knee -- the tibia -- The ankle -- The foot -- 2. Fractures and dislocations: Fractures: basic terminology -- The diagnosis of fractures and the principles of treatment -- Closed reduction and fixation of fractures -- Open fractures/gunshot wounds/internal fixation -- Fracture healing/complications/pathological fractures -- Regional injuries: the shoulder girdle and humerus -- Regional injuries: the elbow -- Regional injuries:the forearm bones -- Regional injuries: the wrist and hand -- Regional injuries: the spine -- Regional injuries: fractures of the pelvis, hip and femoral neck -- Regional injuries: fractures of femur and injuries about the knee -- Regional injuries: fractures of the tibia -- Regional injuries: the ankle -- Regional injuries: the foot -- The fracture clinic. |
| 650 #0 - SUBJECT ADDED ENTRY--TOPICAL TERM | |
| Topical term or geographic name entry element | Orthopedics |
| Form subdivision | Handbooks, manuals, etc. |
| 9 (RLIN) | 2594 |
| 650 #0 - SUBJECT ADDED ENTRY--TOPICAL TERM | |
| Topical term or geographic name entry element | Fractures |
| Form subdivision | Handbooks, manuals, etc. |
| 9 (RLIN) | 2595 |
| 906 ## - LOCAL DATA ELEMENT F, LDF (RLIN) | |
| a | 7 |
| b | cbc |
| c | orignew |
| d | 2 |
| e | ncip |
| f | 20 |
| g | y-gencatlg |
| 942 ## - ADDED ENTRY ELEMENTS (KOHA) | |
| Source of classification or shelving scheme | Library of Congress Classification |
| Koha item type | Books |
| Withdrawn status | Lost status | Source of classification or shelving scheme | Damaged status | Not for loan | Home library | Current library | Shelving location | Date acquired | Full call number | Barcode | Date last seen | Copy number | Price effective from | Koha item type |
|---|---|---|---|---|---|---|---|---|---|---|---|---|---|---|
| Library of Congress Classification | WISCONSIN INTERNATIONAL UNIVERSITY COLLEGE, GHANA KUMASI LIBRARY | WISCONSIN INTERNATIONAL UNIVERSITY COLLEGE, GHANA KUMASI LIBRARY | nursing | 05/06/2023 | RD732.5.M37(2e) | KSN/1250/197/23 | 19/10/2023 | 1 | 19/10/2023 | Books | ||||
| Library of Congress Classification | WISCONSIN INTERNATIONAL UNIVERSITY COLLEGE, GHANA KUMASI LIBRARY | WISCONSIN INTERNATIONAL UNIVERSITY COLLEGE, GHANA KUMASI LIBRARY | nursing | 05/06/2023 | RD732.5.M371(2e) | KSN/1249/196/23 | 19/10/2023 | 2 | 19/10/2023 | Books |
